| 000 | 00502nam a22001937a 4500 | ||
|---|---|---|---|
| 003 | OSt | ||
| 005 | 20140310184514.0 | ||
| 008 | 131016t xxu||||| |||| 00| 0 eng d | ||
| 020 | _a0439434386 | ||
| 050 |
_aPZ 7 _b.D186 2002 |
||
| 100 |
_aDaniels, Lucy _95972 |
||
| 245 |
_aThe horseshoe trilogies : _blast hope / _cLucy Daniels |
||
| 260 |
_aNew York : _bScholastic Inc., _c2002. |
||
| 300 |
_a134 p. : _c20 cm. |
||
| 521 | _aG7 | ||
| 526 | _c750 | ||
| 942 |
_2lcc _cBK-SCHOLAS |
||
| 999 |
_c34922 _d34922 |
||